000
00249nam a2200109Ia 4500
001
1260917
005
20260417140341.0
008
260417s9999 xx 000 0 und d
020
_a
9786257854801
245
0
_a
Utanç
260
_b
Ketebe Yayınları
999
_c
1260917
_d
1260917